01014cam a2200325 a 450000100090000000300090000900500170001800800410003501000170007602000150009302000180010803500240012604000230015004200140017305000240018708200120021110000360022324500800025925000110033926000420035030000210039244000290041350400560044260000360049860000350053465000430056990600450061294200120065799900190066915686099IT-RoPau20220918181312.0090330s2007 it b 000 0 ita d a 2009430653 a883080911X a9788830809116 a(OCoLC)ocn184821336 aC3LcC3LdTEFdDLC alccopycat00aBS2417.E7bB38 200704a2362211 aBattaglia, Oscar,d1930-93581513aLe parabole escatologiche :bla speranza che non delude /cOscar Battaglia. a1. ed. aAssisi :bCittadella editrice,c2007. a276 p. ;c20 cm. 0aOrizzonti biblici935816 aIncludes bibliographical references (p. [271]-274).00aJesus ChristxTeachings.93581700aJesus ChristxParables.935818 0aEschatologyxBiblical teaching.935819 a7bcbcccopycatd3encipf20gy-gencatlg 2ddccBK c108671d108671